Química general superior

שמור ב:
מידע ביבליוגרפי
Main Authors: Masterton, William L. (autor), Slowinski, Emil J (Author)
פורמט: ספר
שפה:ספרדית
יצא לאור: Ciudad de México Interamericana 1979
מהדורה:3a. ed
נושאים:
תגים: הוספת תג
אין תגיות, היה/י הראשונ/ה לתייג את הרשומה!

MARC

LEADER 00000nam a2200000 a 4500
001 UCT4020
003 CL-VaPUC
008 961105e19790000MX |||||||||||||||||spa|d
082 0 4 |a 540  |b MAS  |2 21 
100 |a Masterton, William L.  |e autor  |9 535692 
700 0 |a Slowinski, Emil J  |e author  |9 373111 
245 1 0 |a Química general superior 
250 |a 3a. ed 
300 |a 760 p 
942 |c BK 
945 |d 19961105 00:00:00  |a paguirre 
260 |a Ciudad de México  |b Interamericana  |c 1979 
650 0 |a Química  |9 259896 
650 0 |a Átomos  |9 259583 
650 0 |a Moléculas   |9 259584 
650 7 |a IONES  |2 CL-VaPUC  |9 337399 
650 0 |a Ecuaciones  |9 260137 
650 0 |a Termoquímica  |9 337401 
650 0 |a Gases  |9 260945 
650 0 |a Estados de la Materia  |9 347141 
650 0 |a Estructura atómica   |9 259944 
650 0 |a Química orgánica   |9 259426 
650 0 |a Agua  |9 257149 
650 7 |a EQUILIBRIOS QUIMICOS  |2 CL-VaPUC  |9 336637 
650 0 |a Reacciones químicas  |9 259438 
650 0 |a Polímeros  |9 271736 
650 0 |a Oxidación  |9 326616 
650 7 |a REDUCCION  |2 CL-VaPUC  |9 373112 
583 |a last modification  |c 20130123 01:30:47  |k Rodrigo Vera 
999 |c 253488  |d 253486 
952 |0 0  |1 0  |4 0  |6 540_000000000000000_MAS_1979  |7 0  |8 A  |9 274364  |a BIBCUR  |b BIBCUR  |d 2019-11-19  |i 178448K  |o 540 MAS 1979  |p 178448K  |r 2025-04-22  |w 2019-11-19  |y BK  |k QUI